| 000 | 00439 a2200145 4500 | ||
|---|---|---|---|
| 020 | _a0123568404 | ||
| 050 |
_aBF318 _b.H68 1981 |
||
| 100 |
_aHouston, John P. _94380 |
||
| 245 |
_aFundamentals of learning and memory / _cJohn P. Houston. |
||
| 250 | _a2nd ed. | ||
| 260 |
_aNew York : _bAcademic Press, _cc1981. |
||
| 300 |
_axvii, 639 p. : _bill. ; _c24 cm. |
||
| 504 | _aIncludes bibliographical reference and index. | ||
| 942 |
_2lcc _cBK _n0 |
||
| 999 |
_c2188 _d2188 |
||